000 00463nam a2200181Ia 4500
008 151202s9999||||xx |||||||||||||| ||und||
082 _bPNVM-30213
100 _aRYCROFT CHARLES.
245 _aPSYCHOANALYSIS OBSERVED.
260 _b"PENGUIN BOOKS, LONDON."
260 _c1967
300 _a68
600 _aRYCROFT CHARLES.
630 _aPSYCHOANALYSIS OBSERVED.
700 _aRYCROFT CHARLES.
730 _aPSYCHOANALYSIS OBSERVED.
942 _cBOOK
999 _c1296176
_d1296173